000 00791nam a2200229 c 4500
001 a5591328
003 CO-ViMGA
005 20230915233133.0
008 141222s2014 sp a | |||| 000 1 spa
020 _a9789587433913
040 _aCO-ViMGA
_bspa
_cCO-ViMGA
090 _aN PER1d
100 1 _aPerez-Reverte, Arturo
_d1951-
_4adapt.
_91157
245 1 0 _aDon Quijote de la Mancha
_cMiguel de Cervantes Saavedra ; adaptacion por Arturo Perez-Reverte
250 _a1a. ed.
260 _aBogotá
_bReal Academia Española
_bSantillana
_c2014
300 _a586 p.
_bil.
_c22 cm
650 1 4 _aLiteratura española -- 1500-1700
_93468
650 1 4 _aNovela española -- 1500-1700
_93469
700 1 _aCervantes Saavedra, Miguel de
_d1547-1616
_tDon Quijote de la Mancha
_93470
942 _2ddc
_cBK
999 _c11709
_d11709